000 00587nam a22001695i 4500
001 54095
003 ES-MaACL
005 20230906162909.0
007 t|
008 960710s1876 it ||||1| ita d
040 _aCAM
_bspa
_cCAM
100 1 _aFerrini, Rinaldo.
_950585
245 1 0 _aTecnologĂ­a del calore
_b: apparecchi di combustione, camini, fornaci, scaldamento e ventilazione degli ambienti, ecc. /
_cdi Rinaldo Ferrini.
260 _aMilano :
_bUlrico Hoepli, libraio-editore,
_c1876 (
_ftipi di G. Bernardoni)
300 _aXVI, 500 p. ;
_c23 cm.
852 _aES-MaACL
_jG-9552
999 _c54095
_d54095